| 000 | 00779nam a2200229 a 4500 | ||
|---|---|---|---|
| 001 | 000026882 | ||
| 003 | DO-SdBNP | ||
| 005 | 20250709101047.0 | ||
| 008 | 110328s1980 dr 000 0 spa d | ||
| 040 |
_aDO-SdBNP _bspa _cBNPHU |
||
| 082 |
_a320.97293 _bJ82p |
||
| 100 | 1 |
_aJorge Blanco, Salvador, _d1926-2010 _930551 |
|
| 245 | 1 | 0 |
_aPonencias / _cSalvador Jorge Blanco. |
| 260 |
_aSanto Domingo : _bEditora Gráfica, _c[198-?]. |
||
| 300 |
_a261 p. ; _c21 cm. |
||
| 590 | _aInventariado, 2018/ YL | ||
| 600 | 1 | 0 |
_aJorge Blanco, Salvador, _d1926-2010 _vEnsayos, conferencias, etc. _988290 |
| 610 | 2 | 4 |
_aPartido Revolucionario Dominicano _95214 |
| 651 | 7 |
_aRepública Dominicana _xPolítica y gobierno _945 |
|
| 910 | _aValidado. Control de calidad MMOLINA | ||
| 942 |
_2ddc _cLBS1 |
||
| 999 |
_c26374 _d26374 |
||